From nucleons to the atomic nucleus (Record no. 14376)

MARC details
000 -LEADER
fixed length control field 00547nam a2200193Ia 4500
003 - CONTROL NUMBER IDENTIFIER
control field IN-BaIIA
008 - FIXED-LENGTH DATA ELEMENTS--GENERAL INFORMATION
fixed length control field 211028s9999 xx 000 0 eng d
020 ## - INTERNATIONAL STANDARD BOOK NUMBER
International Standard Book Number 978-3-540-63122-4
040 ## - CATALOGING SOURCE
Transcribing agency IIA Library
080 ## - UNIVERSAL DECIMAL CLASSIFICATION NUMBER
Universal Decimal Classification number 539.125
Item number HEY
100 ## - MAIN ENTRY--PERSONAL NAME
Personal name Heyde, Kris
9 (RLIN) 25462
245 #0 - TITLE STATEMENT
Title From nucleons to the atomic nucleus
Remainder of title perspectives in nuclear physics
Statement of responsibility, etc. Kris Heyde
260 ## - PUBLICATION, DISTRIBUTION, ETC.
Place of publication, distribution, etc. Berlin
Name of publisher, distributor, etc. Springer-Verlag
Date of publication, distribution, etc. 1998
300 ## - PHYSICAL DESCRIPTION
Extent xi, 189p.
650 ## - SUBJECT ADDED ENTRY--TOPICAL TERM
Topical term or geographic name entry element Astrophysics
9 (RLIN) 794
650 ## - SUBJECT ADDED ENTRY--TOPICAL TERM
Topical term or geographic name entry element Atomic nucleus
9 (RLIN) 25463
650 ## - SUBJECT ADDED ENTRY--TOPICAL TERM
Topical term or geographic name entry element Nucleons
9 (RLIN) 25464
942 ## - ADDED ENTRY ELEMENTS (KOHA)
Koha item type Books
Holdings
Withdrawn status Lost status Damaged status Not for loan Home library Current library Shelving location Date acquired Cost, normal purchase price Total Checkouts Full call number Barcode Date last seen Date last checked out Cost, replacement price Price effective from Koha item type Purchase Price
        IIA Library-Bangalore IIA Library-Bangalore General Stacks 28/11/2001 2406.80 1 539.125/ HEY 15296 18/02/2025 20/05/2024 2406.80 28/11/2001 Books Rs. 2406.80

Powered by Koha